Statistics for Dutch soccer players scoring during the UEFA Euro

Click here to take the quiz!

General Stats

  • This quiz has been taken 94 times
    (75 since last reset)
  • The average score is 17 of 31

Answer Stats

GoalsYear(s)Player% Correct
12000Frank de Boer
92%
12000Ronald de Boer
92%
51988Marco van Basten
91%
32008, 2012Robin van Persie
91%
12008Arjen Robben
89%
62004, 2008Ruud van Nistelrooy
89%
22021Memphis Depay
84%
11988Ruud Gullit
81%
41992, 1996Dennis Bergkamp
77%
11996Jordi Cruyff
77%
22008Wesley Sneijder
77%
21992Frank Rijkaard
69%
11988Ronald Koeman
69%
32021Georginio Wijnaldum
67%
51996, 2000Patrick Kluivert
67%
22000Marc Overmars
63%
12008Klaas-Jan Huntelaar
55%
12008Dirk Kuyt
53%
12008Giovanni van Bronckhorst
53%
22021Denzel Dumfries
50%
12012Rafael van der Vaart
50%
12021Wout Weghorst
48%
12000Boudewijn Zenden
33%
11980Johnny Rep
33%
12004Roy Makaay
30%
11988Wim Kieft
20%
11992Rob Witschge
14%
21976, 1980Willy van de Kerkhof
14%
21980Kees Kist
8%
12004Wilfred Bouma
8%
21976Ruud Geels
5%

Score Distribution

Percentile by Number Answered

Percent of People with Each Score

Your Score History

You have not taken this quiz since the last reset